000 00510nam a2200193 a 4500
001 1762410865220
003 ACL
005 20251106120719.0
008 251106s2009##################000#0#eng##
020 _a9780538751070
082 0 4 _a658.4012
_bHIL
100 1 _aHill, Charles,
_eauthor.
245 1 0 _aStrategic Management Theory: An Integrated Approach :
260 _bCengage Learning,
_c2009.
300 _a524 pages
650 0 _aBusiness & Economics.
942 _cENGLISH
040 _aACL
_beng
_cACL
999 _c596071
_d596071